000 00278nam a22001217a 4500
082 _a155.24
100 _aPatti L. Harrison
245 _aAdaptive Behavior Assessment system manual
250 _a2nd ed
260 _aOakland
_bThomas WPS
_c2003
300 _a341p
942 _cBK
999 _c2649
_d2649